Social Cognition : from brains to culture. (2nd ed.) (Record no. 76571)

MARC details
000 -LEADER
fixed length control field 01016nam a2200241 a 4500
008 - FIXED-LENGTH DATA ELEMENTS--GENERAL INFORMATION
fixed length control field 161109s2013 ||||||||||||||||| || u
010 ## - LIBRARY OF CONGRESS CONTROL NUMBER
LC control number 2012940965
020 ## - INTERNATIONAL STANDARD BOOK NUMBER
International Standard Book Number 9781446258156
050 ## - LIBRARY OF CONGRESS CALL NUMBER
Classification number BF 323.S63 Fis
100 ## - MAIN ENTRY--PERSONAL NAME
Personal name Taylor, Shelley E
245 10 - TITLE STATEMENT
Title Social Cognition : from brains to culture. (2nd ed.)
Statement of responsibility, etc. Susan T. Fiske and Shelley E. Taylor.
250 ## - EDITION STATEMENT
Edition statement 2nd ed.
260 ## - PUBLICATION, DISTRIBUTION, ETC.
Place of publication, distribution, etc. Los Angeles
Name of publisher, distributor, etc. SAGE Publications
Date of publication, distribution, etc. 2013
300 ## - PHYSICAL DESCRIPTION
Extent xi, 580 p. : ill.
350 ## -
-- 67.00
500 ## - GENERAL NOTE
General note Includes bibliographical references (pages 463-567) and index.
650 #0 - SUBJECT ADDED ENTRY--TOPICAL TERM
Topical term or geographic name entry element Social perception
650 #0 - SUBJECT ADDED ENTRY--TOPICAL TERM
Topical term or geographic name entry element COGNITIVE NEUROSCIENCE
700 ## - ADDED ENTRY--PERSONAL NAME
Personal name Fiske, Susan T
995 ## -
-- MAIN LIBRARY OPEN ACCESS
-- 747190
-- CBU-MAIN LIBRARY (Kitwe)
-- 67.00
-- BF 323.S63 Fis
-- 2
-- AVAILABLE
-- Nov 9, 2016
-- 747190
-- Main Library Open Access Collection
995 ## -
-- MAIN LIBRARY OPEN ACCESS
-- 67.00
-- 747189
-- CBU-MAIN LIBRARY (Kitwe)
-- BF 323.S63 Fis
-- 1
-- AVAILABLE
-- Nov 9, 2016
-- 747189
-- Main Library Open Access Collection
999 ## -
-- 76571
-- 76571
Holdings
Withdrawn status Lost status Source of classification or shelving scheme Damaged status Not for loan Permanent Location Current Location Shelving location Date acquired Total Checkouts Full call number Barcode Date last seen Copy number Price effective from Koha item type
          CBU-MAIN LIBRARY, KITWE. CBU-MAIN LIBRARY, KITWE.   04/25/2023   BF 323.S63 Fis 747190 04/25/2023 1 04/25/2023 MONOGRAPH
          CBU-MAIN LIBRARY, KITWE. CBU-MAIN LIBRARY, KITWE.   04/25/2023   BF 323.S63 Fis 747189 04/25/2023 2 04/25/2023 MONOGRAPH